MARC

LEADER 00000nam0a2200000 4500
001 60568
005 20231031061614.0
035 |a (RuTPU)RU\TPU\book\64053 
090 |a 60568 
100 |a 20040211d1980 m y0rusy50 ca 
101 0 |a rus 
102 |a RU 
105 |a a j 001zy 
200 1 |a Вероятность  |e учебное пособие  |f А. Н. Ширяев 
210 |a Москва  |c Наука  |d 1980 
215 |a 575 с.  |c ил. 
320 |a Библиогр.: с. 556-558. 
610 1 |a математика 
610 1 |a вероятность 
610 1 |a теория 
610 1 |a математические основы 
610 1 |a случайные величины 
610 1 |a случайные последовательности 
675 |a 519.21(075.8)  |v 3 
700 1 |a Ширяев  |b А. Н.  |g Альберт Николаевич 
801 1 |a RU  |b 63413507  |c 20040211  |g PSBO 
801 2 |a RU  |b 63413507  |c 20160121  |g PSBO 
900 |a Теория вероятности и математическая статистика 
942 |c BK 
952 |a 510100  |b 010100